Największe Miasta w Stanach Zjednoczonych - Sprint - Statystyki

Ogólne statystyki
  • Ten quiz został rozwiązany 52 razy
  • Średni wynik to 5 z 10
Statystyki odpowiedzi
Populacja Miasto % Poprawnych
3 979 576 Los Angeles
100%
8 336 818 Nowy Jork
100%
2 693 976 Chicago
78%
1 343 573 Dallas
50%
1 584 064 Filadelfia
28%
2 320 268 Houston
28%
1 680 992 Phoenix
25%
1 547 253 San Antonio
22%
1 423 851 San Diego
17%
1 021 795 San Jose
3%
Nie znaleziono quizów pasujących do podanych kryteriów
Rozkład punktacji
Procent ludzi z każdym wynikiem
Percentyl według liczby udzielonych odpowiedzi
Twoja historia wyników
Nie rozwiązałeś tego quizu